=LDR 00000nam 2200000 4500 =001 INLIS000000000028086 =005 20130612130420 =008 ***********************************Ind** =035 ##$$0010-061300000028086 =041 ##$$a Ind =082 ##$$a 365.42 =090 ##$$a 365.42, Lem l =100 ##$$a Muladi =245 ##$$a Lembaga pidana bersyarat, Dr. Muladi, SH =260 ##$$a 1985 $b Bandung =300 ##$$a xiv, 330 hlm, 21 cm =650 ##$$a Lembaga pemasyarakatan Rakyat =850 ##$$a NBPNMAT =990 ##$$a 0001/BPAP-NTB/2016